America in perspective (Record no. 553477)
[ view plain ]
| 000 -LEADER | |
|---|---|
| fixed length control field | 00693cad a2200181 a 4500 |
| 082 ## - DEWEY DECIMAL CLASSIFICATION NUMBER | |
| Classification number | 973.04 |
| Author Mark | AME |
| 100 1# - MAIN ENTRY--PERSONAL NAME | |
| Personal name | Commager, Henry Steele, |
| 245 10 - TITLE STATEMENT | |
| Title | America in perspective |
| Remainder of title | the United States through foreign eyes / |
| Statement of responsibility, etc. | edited, with an introduction and notes, by Henry Steele Commager. |
| 260 ## - PUBLICATION, DISTRIBUTION, ETC. | |
| Place of publication, distribution, etc. | New York : |
| Name of publisher, distributor, etc. | New American Library, |
| Date of publication, distribution, etc. | c1947. |
| 300 ## - PHYSICAL DESCRIPTION | |
| Extent | xxii, 336 p. ; |
| Dimensions | 22 cm. |
| 500 ## - GENERAL NOTE | |
| General note | "A Mentor book." |
| 526 ## - STUDY PROGRAM INFORMATION NOTE | |
| Program name | 0 |
| Interest level | 0 |
| Reading level | 0 |
| Title point value | 973_040000000000000_AME |
| 650 #0 - SUBJECT ADDED ENTRY--TOPICAL TERM | |
| Topical term or geographic name entry element | MCE |
| 9 (RLIN) | 379 |
| 650 #0 - SUBJECT ADDED ENTRY--TOPICAL TERM | |
| Topical term or geographic name entry element | National characteristics, American. |
| 9 (RLIN) | 8029 |
| 710 2# - ADDED ENTRY--CORPORATE NAME | |
| Corporate name or jurisdiction name as entry element | American Council of Learned Societies. |
| 9 (RLIN) | 50724 |
| 856 40 - ELECTRONIC LOCATION AND ACCESS | |
| Uniform Resource Identifier | <a href="http://www.columbia.edu/cgi-bin/cul/resolve?clio8861007">http://www.columbia.edu/cgi-bin/cul/resolve?clio8861007</a> |
| 942 ## - ADDED ENTRY ELEMENTS (KOHA) | |
| Source of classification or shelving scheme | |
| Koha item type | Book |
| Withdrawn status | Lost status | Source of classification or shelving scheme | Damaged status | Not for loan | Permanent Location | Current Location | Shelving location | Date acquired | Total Checkouts | Full call number | Barcode | Date last seen | Price effective from | Koha item type |
|---|---|---|---|---|---|---|---|---|---|---|---|---|---|---|
| Military College of Engineering (MCE) | Military College of Engineering (MCE) | 02/12/2015 | 973.04 AME | MCE-MCA /2.1 | 02/12/2015 | 02/12/2015 | Book |
